000 00234nam a2200097Ia 4500
001 805653
005 20250826171156.0
008 250824s9999 xx 000 0 und d
245 0 _aKARDELENLER
_cAYŞE KULİN
260 _bEVEREST YAYINLARI
999 _c805653
_d805653